000 00335nam a2200133 i 4500
001 bg
100 1 _aZDRODOWSKI, Stanisław
245 0 _aSpawalnictwo :
_bćwiczenia laboratoryjne /
_cStanisław Zdrodowski.
260 _aKielce,
_c1980.
040 _cBPK
041 _apol
942 _cKS
008 s pl f |000 0 pol
999 _c20412
_d20412
856 _uhttp://koha.tu.koszalin.pl/cgi-bin/koha/opac-detail.pl?biblionumber=20412
_yKatalog online BPK